[Event "Commonwealth & South African-ch"]
[Site "Johannesburg"]
[Date "2011.07.01"]
[Round "9.3"]
[White "Kondowe, David"]
[Black "Mthunzi, Clive"]
[Result "0-1"]
[WhiteElo "1642"]
[BlackElo "1616"]
[PlyCount "51"]
[EventDate "2011.06.25"]
[EventType "swiss"]
[EventRounds "11"]
[EventCountry "RSA"]
[SourceTitle "EXT 2024"]
[Source "ChessBase"]
[SourceDate "2023.10.10"]
[SourceVersion "1"]
[SourceVersionDate "2023.10.10"]
[SourceQuality "1"]

1. d4 Nf6 2. f4 d5 3. e3 c6 4. c3 e6 5. Bd3 Nbd7 6. Qc2 c5 7. Nd2 b6 8. Ngf3 c4 9. Be2 Bb7 10. 0-0 Qc7 11. Ne5 Rc8 12. Rf3 Ne4 13. Nxe4 dxe4 14. Rh3 Bd5 15. Qd1 f6 16. Bh5+ Ke7 17. Nf7 Rg8 18. b3 g6 19. Ne5 Nxe5 20. fxe5 gxh5 21. exf6+ Kxf6 22. Qxh5 Be7 23. Bd2 Rgf8 24. Be1 Qe5 25. Qh4+ Kf7 26. bxc4 0-1